Normal view
MARC view
Entry Personal Name
001 - CONTROL NUMBER
- control field: 54696
003 - CONTROL NUMBER IDENTIFIER
- control field: dpl
005 - DATE AND TIME OF LATEST TRANSACTION
- control field: 20130108165250.0
008 - FIXED-LENGTH DATA ELEMENTS
- fixed length control field: 130108|||a|||||| | ||| d
040 ## - CATALOGING SOURCE
- Original cataloging agency: dpl
- Transcribing agency: dpl
100 ## - HEADING--PERSONAL NAME
- Personal name: अग्रवाल, मोहिनी
670 ## - SOURCE DATA FOUND
- Source citation: Work cat.: (dpl)68194: अग्रवाल, मोहिनी, भारतीय अर्थव्यवस्था के विविध आयाम/, 2012
670 ## - SOURCE DATA FOUND
- Source citation: Work cat.: (dpl)68194: अग्रवाल, मोहिनी, भारतीय अर्थव्यवस्था के विविध आयाम/, 2012
